Catálogo
 En Linea

Hay un país en el mundo y otros poemas / (Registro nro. 9059)

Detalles MARC
000 -CABECERA
campo de control de longitud fija 02161nam a2200325 a 4500
001 - NÚMERO DE CONTROL
campo de control 000009298
003 - IDENTIFICADOR DEL NÚMERO DE CONTROL
campo de control OSt
005 - FECHA Y HORA DE LA ÚLTIMA TRANSACCIÓN
campo de control 20240412074210.0
007 - CAMPO FIJO DE DESCRIPCIÓN FÍSICA--INFORMACIÓN GENERAL
campo de control de longitud fija ta
008 - DATOS DE LONGITUD FIJA--INFORMACIÓN GENERAL
campo de control de longitud fija 090929s1999 dr a r 000 p spa d
020 ## - NÚMERO INTERNACIONAL ESTÁNDAR DEL LIBRO
Número Internacional Estándar del Libro 8484002985
040 ## - FUENTE DE LA CATALOGACIÓN
Centro catalogador/agencia de origen DO-SdBNP
Lengua de catalogación spa
Centro/agencia transcriptor DO-SdBNP
082 #4 - NÚMERO DE LA CLASIFICACIÓN DECIMAL DEWEY
Número de clasificación RD861.44
Número de documento/Ítem M671zHay,1999
Número de edición 22
100 1# - ENTRADA PRINCIPAL--NOMBRE DE PERSONA
Nombre de persona Mir, Pedro,
Fechas asociadas al nombre 1913-2000
9 (RLIN) 7245
245 10 - MENCIÓN DE TÍTULO
Título Hay un país en el mundo y otros poemas /
Mención de responsabilidad, etc. Pedro Mir.
250 ## - MENCIÓN DE EDICIÓN
Mención de edición Ed. ampliada.
260 ## - PUBLICACIÓN, DISTRIBUCIÓN, ETC.
Lugar de publicación, distribución, etc. Santo Domingo :
Nombre del editor, distribuidor, etc. Taller,
Fecha de publicación, distribución, etc. 1999.
300 ## - DESCRIPCIÓN FÍSICA
Extensión 238 p. :
Otras características físicas il. ;
Dimensiones 21 cm.
490 1# - MENCIÓN DE SERIE
Mención de serie Biblioteca taller
Designación de volumen o secuencia 81
504 ## - NOTA DE BIBLIOGRAFÍA, ETC.
Nota de bibliografía, etc. Incluye referencias bibliográficas y notas al pie de las páginas.
505 0# - NOTA DE CONTENIDO CON FORMATO
Título Hay un poeta en el mundo llamado Pedro Mir /
Mención de responsabilidad Luis Beiro --
Título De sus primeros versos --
-- A la carta que no ha de venir --
-- Catorce versos --
-- Abulia --
-- Bolero-son --
-- Poema del llano trigüeño --
-- Alegría de la manaña blanca --
-- Protesta del cariño y de la espera --
-- Grito para enterrar un maestro --
-- Por el recuerdo de Urania Silva --
-- Romance de los nueve meses --
-- Canción de ayer tarde --
-- Hallazgo --
-- Material de mi aldea --
-- Terruño --
-- Romance del llanto lejano --
-- Las fuentes --
-- Fábula del silencio y Galatea --
-- Plática del pozo --
-- La vida manda que pueble estos caminos --
-- Evocación del ruido --
-- Presencia del olvido --
-- Romance del sol de doce --
-- Hay un país en el mundo --
-- Si alguien quiere saber cuál es mi patria --
-- Dominí --
-- Contracanto a Walt Whitman --
-- Elegía del 14 de junio --
-- Balada del exiliado --
-- Al portaviones ''intrépido"--
-- Ni un paso atrás --
-- Meditación a orillas de la tarde --
-- Amén de mariposas --
-- Concierto de esperanza para la mano izquierda --
-- Introducción --
-- A capriccio --
-- Andante --
-- Solo de esperanza --
-- Grave --
-- Cadencia --
-- El huracán Neruda --
-- A Julia sin lágrimas.
590 ## - NOTA LOCAL (RLIN)
Nota local Inventariado, 2018/BT
600 #0 - PUNTO DE ACCESO ADICIONAL DE MATERIA--NOMBRE DE PERSONA
Nombre de persona MIR, PEDRO,
Fechas asociadas al nombre 1913-2000
Subdivisión general CRÍTICA E INTERPRETACIÓN
9 (RLIN) 19950
650 #0 - PUNTO DE ACCESO ADICIONAL DE MATERIA--TÉRMINO DE MATERIA
Término de materia o nombre geográfico como elemento de entrada Poesía dominicana
9 (RLIN) 66
650 #0 - PUNTO DE ACCESO ADICIONAL DE MATERIA--TÉRMINO DE MATERIA
Término de materia o nombre geográfico como elemento de entrada Literatura dominicana.
9 (RLIN) 67
830 #0 - PUNTO DE ACCESO ADICIONAL DE SERIE-TÍTULO UNIFORME
Título uniforme Biblioteca taller
Número de parte o sección de la obra 81
9 (RLIN) 24027
910 ## - DATOS DE OPCIÓN DEL USUARIO (OCLC)
Datos de opción del usuario Validado. Control de calidad. MMOLINA
942 ## - ELEMENTOS DE PUNTO DE ACCESO ADICIONAL (KOHA)
Fuente del sistema de clasificación o colocación Dewey Decimal Classification
Tipo de ítem Koha Libro
956 ## - LOCALIZACIÓN Y ACCESO ELECTRÓNICOS LOCAL (OCLC)
Nombre del host VMateo
Existencias
Estado de retiro Estado de pérdida Fuente del sistema de clasificación o colocación No para préstamo Código de colección Localización permanente Ubicación/localización actual Ubicación en estantería Fecha de adquisición Número de inventario Total de préstamos Signatura topográfica completa Código de barras Fecha visto por última vez Precio válido a partir de Tipo de ítem Koha Número de copia Restricciones de uso Fuente de adquisición
    Dewey Decimal Classification   Dominicana de Servicio Biblioteca Nacional Pedro Henríquez Ureña General   09.10.2009   BNPHU DS RD861.44 M671zHay 1999 2021-1695 19.10.2020 25.06.2020 Libro y Folleto Colección Dominicana de Servicio e. 3 Préstamo en sala Francisco Cáceres
    Dewey Decimal Classification Excluido de préstamo Patrimonio Dominicano Biblioteca Nacional Pedro Henríquez Ureña Patrimonio Dominicano Depósito 29.09.2009   BNPHU PD RD861.44 M671zHay 1999 9298-10 25.06.2020 25.06.2020 Libro y Folleto Colección Patrimonio Dominicano      
  Extraviado Dewey Decimal Classification Excluido de préstamo Patrimonio Dominicano Biblioteca Nacional Pedro Henríquez Ureña Patrimonio Dominicano   09.10.2009 LF1   BNPHU PD RD861.44 M671zHay 1999 9298-20 25.06.2020 25.06.2020 Libro y Folleto Colección Patrimonio Dominicano e. 2    

Con tecnología Koha